01534cam a22002895a 45000010009000000050017000090080041000260200018000670400075000850820022001601000032001822450122002142600103003363000035004395040051004746500028005256530024005536550021005777000020005987000023006187760194006419420008008359990017008439520129008609520135009899520120011241282134820171019142330.0151029t2016 njua frb 001 0 eng d a9781118454602 aDLCbengcDLCdBTCTAdYDXCPdOCLCFdOCLCQdSDBdCDXdNhCcYBPdEG-ScBUE04222a660.2995bFAR1 aFarrauto, Robert J.,d1941-10aIntroduction to catalysis and industrial catalytic processes /cRobert J. Farrauto, Lucas Dorazio, C. H. Bartholomew. aHoboken : bJohn Wiley & Sons ;a[New York] : bAmerican Institute Of Chemical Engineers,cc.2016. axxix, 310 p. :bill. ;c25 cm. aIncludes bibliographical references and index. 7aCatalysis.2BUEsh96273 bENGCHEcOctober2017 vText book9337281 aDorazio, Lucas.1 aBartholomew, C. H.08iOnline version:aFarrauto, Robert J., 1941- author.tIntroduction to catalysis and industrial catalytic processes.dHoboken : John Wiley & Sons, Inc., 2016z9781119089155w(DLC) 2015044585 2ddc c25495d25467 00102ddc40708BaccahaMAINbMAINc1STd2017-10-19ePurchaseg1750.00l0o660.2995 FARp000042185r2025-07-15 00:00:00yNB 00102ddc40708BaccahaMAINbMAINc1STd2017-10-19ePurchasel1m5o660.2995 FARp000042186r2025-07-15 00:00:00s2019-08-20yBB 00102ddc40708BaccahaMAINbMAINc1STd2017-10-19ePurchasel0o660.2995 FARp000042187r2025-07-15 00:00:00yBB